[Event "Mercredi 2007.05.16"]
[Site "Montreal CAN"]
[Date "2007.05.30"]
[Round "3"]
[White "Lacroix, Serge"]
[Black "Tessier, Olivier"]
[Result "0-1"]
[WhiteElo "2046"]
[BlackElo "2077"]
[PlyCount "112"]
[EventDate "2007.05.16"]
[EventType "tourn"]
[EventRounds "6"]
[EventCountry "CAN"]

1. e4 c5 2. Nf3 Nf6 3. Nc3 e6 4. d4 cxd4 5. Nxd4 Bb4 6. Bd3 d5 7. exd5 Nxd5 8.
Bd2 Nxc3 9. bxc3 Be7 10. O-O O-O 11. Qe2 Nd7 12. Rfe1 Nf6 13. Rab1 a6 14. Nf5
Bc5 15. Ng3 Qc7 16. Ne4 Nxe4 17. Qxe4 f5 18. Qe2 Bd7 19. Kh1 Rae8 20. f4 Bd6
21. Rf1 Bc6 22. Qf2 Rf6 23. Qb6 Qxb6 24. Rxb6 Bc5 25. Rbb1 Rg6 26. Rf3 Bxf3 27.
gxf3 Rd8 28. c4 b6 29. Bc3 a5 30. Re1 Kf7 31. Rf1 h5 32. h4 Bd4 33. Bd2 Rh6 34.
Kg2 Rhh8 35. Rb1 Rhe8 36. Rb5 Rc8 37. Rb3 g6 38. Rb5 e5 39. Rd5 Rcd8 40. Rb5 e4
41. fxe4 fxe4 42. Be2 Rd6 43. Rb3 Rc8 44. Be1 Bc5 45. Rb5 Rf6 46. Kg3 Be3 47.
f5 Rxf5 48. Rb1 Ke6 49. Rb3 Bc5 50. Rb5 Rcf8 51. Rb3 a4 52. Rb1 Bf2+ 53. Kg2
Bxe1 54. Rxe1 Rf2+ 55. Kg3 Ke5 56. Bd3 R8f3# 0-1

[Event "Mercredi 2007.05.16"]
[Site "Montreal CAN"]
[Date "2007.06.06"]
[Round "4"]
[White "Gilman, Arkadiy"]
[Black "Lacroix, Serge"]
[Result "1-0"]
[WhiteElo "2068"]
[BlackElo "2046"]
[PlyCount "69"]
[EventDate "2007.05.16"]
[EventType "tourn"]
[EventRounds "6"]
[EventCountry "CAN"]

1. d4 Nf6 2. c4 g6 3. Nc3 d5 4. Nf3 Bg7 5. Bg5 Ne4 6. cxd5 Nxg5 7. Nxg5 e6 8.
Qa4+ c6 9. dxc6 Nxc6 10. Nf3 Bxd4 11. O-O-O e5 12. e3 Bg4 13. exd4 Bxf3 14.
gxf3 exd4 15. Ne4 O-O 16. Bb5 f5 17. Bxc6 Rc8 18. Rxd4 Rxc6+ 19. Nc3 Qg5+ 20.
f4 Qg2 21. Rhd1 Qxf2 22. Qb3+ Rf7 23. Qc2 Qe3+ 24. Qd2 Qe6 25. Rd8+ Kg7 26.
Qd4+ Kh6 27. Qf2 Qxa2 28. R1d3 Qa1+ 29. Kc2 Qa4+ 30. Kb1 Ra6 31. Rh3+ Kg7 32.
Rxh7+ Kf6 33. Qd4+ Ke6 34. Qd5+ Ke7 35. Rxf7# 1-0

[Event "Mercredi 2007.05.16"]
[Site "Montreal CAN"]
[Date "2007.06.14"]
[Round "5"]
[White "Lacroix, Serge"]
[Black "Regnier, Alain"]
[Result "0-1"]
[WhiteElo "2046"]
[BlackElo "2091"]
[PlyCount "106"]
[EventDate "2007.05.16"]
[EventType "tourn"]
[EventRounds "6"]
[EventCountry "CAN"]

1. d4 d5 2. c4 dxc4 3. e3 e5 4. Bxc4 exd4 5. exd4 Bd6 6. Nf3 Nf6 7. O-O O-O 8.
Nc3 Bg4 9. Nb5 Nc6 10. h3 Bh5 11. Bg5 a6 12. Nxd6 Qxd6 13. g4 Bg6 14. Bxf6 Qxf6
15. d5 Rad8 16. Re1 b5 17. Qe2 Nb4 18. Bb3 Nd3 19. Ne5 Nxe1 20. Rxe1 Rde8 21.
Qe3 Qd6 22. Qd4 c5 23. Qc3 b4 24. Qg3 f6 25. f4 c4 26. Nxc4 Rxe1+ 27. Qxe1 Qxf4
28. d6 Bf7 29. Qe3 Qxe3+ 30. Nxe3 Bxb3 31. axb3 Kf7 32. Nd5 a5 33. d7 Rb8 34.
Nb6 Ke7 35. Nc4 Rb5 36. Kf2 Kxd7 37. Ke3 Ke6 38. Ke4 g6 39. Kf4 Kd5 40. h4 Rc5
41. Ne3+ Kd4 42. g5 fxg5+ 43. hxg5 Rc7 44. Ng4 Rc2 45. Nf6 Rh2 46. Kg3 Rxb2 47.
Nxh7 Rxb3+ 48. Kg4 a4 49. Nf8 a3 50. Ne6+ Kc4 51. Nf4 a2 52. Nxg6 a1=Q 53. Ne7
Qg1+ 0-1

[Event "Quebec-ch qual. 1"]
[Site "Montreal CAN"]
[Date "2007.05.04"]
[Round "1"]
[White "Lacroix, Serge"]
[Black "Allard, Laurent"]
[Result "1-0"]
[WhiteElo "1998"]
[BlackElo "1540"]
[PlyCount "85"]
[EventDate "2007.05.04"]
[EventType "swiss"]
[EventRounds "5"]
[EventCountry "CAN"]

1. e4 c5 2. Nf3 d6 3. d4 cxd4 4. Nxd4 Nf6 5. Nc3 g6 6. Bc4 Bg7 7. Be3 O-O 8. f3
Nc6 9. Qd2 Bd7 10. O-O-O Qa5 11. Bb3 Rfc8 12. Kb1 Ne5 13. Nd5 Qd8 14. h4 Nxd5
15. Bxd5 Nc4 16. Bxc4 Rxc4 17. h5 Qe8 18. g4 f6 19. hxg6 hxg6 20. Bh6 g5 21.
Bxg7 Kxg7 22. Rh5 Qg8 23. Rdh1 Rf8 24. b3 Rcc8 25. c4 Kf7 26. Nf5 Bxf5 27. exf5
Ke8 28. Qd5 b6 29. Rh7 Kd7 30. Qe4 Rfe8 31. Qd4 Rc5 32. Qxf6 b5 33. Rg7 bxc4
34. Rhh7 Qd5 35. Rxe7+ Kc6 36. Rc7+ Kb6 37. Rb7+ Ka6 38. Rxa7+ Kb6 39. Rab7+
Ka6 40. Ra7+ Kb6 41. Qc3 Qd1+ 42. Kb2 Re2+ 43. Ka3 1-0

[Event "Quebec-ch qual. 1"]
[Site "Montreal CAN"]
[Date "2007.05.05"]
[Round "2"]
[White "Le Duin, Thierry"]
[Black "Lacroix, Serge"]
[Result "0-1"]
[WhiteElo "2100"]
[BlackElo "1998"]
[PlyCount "72"]
[EventDate "2007.05.04"]
[EventType "swiss"]
[EventRounds "5"]
[EventCountry "CAN"]

1. d4 d5 2. Nf3 Nf6 3. c3 c6 4. Bg5 Bf5 5. Nh4 Bxb1 6. Rxb1 Ne4 7. Be3 e6 8. g3
Be7 9. Nf3 Nd7 10. Bg2 h5 11. Nd2 Nd6 12. f3 h4 13. Bf2 Qc7 14. e4 O-O-O 15. e5
hxg3 16. hxg3 Rxh1+ 17. Bxh1 Nf5 18. g4 Rh8 19. Ke2 Nh4 20. Bg3 Ng6 21. f4 Bh4
22. Kf3 Qd8 23. Qe1 Bxg3 24. Qxg3 Qa5 25. a3 Qb5 26. Ke3 Nb6 27. Bf3 Nc4+ 28.
Nxc4 Qxc4 29. Be2 Qa4 30. Bd3 Ne7 31. Qg2 c5 32. Rh1 cxd4+ 33. cxd4 Rxh1 34.
Qxh1 Nc6 35. Qc1 Qxd4+ 36. Ke2 g5 0-1

[Event "Quebec-ch qual. 1"]
[Site "Montreal CAN"]
[Date "2007.05.05"]
[Round "3"]
[White "Anastasovski, Nikola"]
[Black "Lacroix, Serge"]
[Result "1/2-1/2"]
[WhiteElo "2015"]
[BlackElo "1998"]
[PlyCount "83"]
[EventDate "2007.05.04"]
[EventType "swiss"]
[EventRounds "5"]
[EventCountry "CAN"]

1. e4 c5 2. c4 e5 3. Nc3 d6 4. g3 Nc6 5. d3 f5 6. Bg2 Nf6 7. h3 Be7 8. Be3 O-O
9. Qd2 a6 10. Nge2 Rb8 11. O-O Nd4 12. f4 b5 13. Rf2 fxe4 14. cxb5 exd3 15.
Qxd3 axb5 16. fxe5 dxe5 17. Bxd4 c4 18. Qe4 exd4 19. Qxd4 Qc7 20. Nd5 Nxd5 21.
Qxd5+ Kh8 22. Rxf8+ Bxf8 23. Rf1 Qc5+ 24. Kh2 Qxd5 25. Bxd5 Bd6 26. Rf7 g6 27.
b3 cxb3 28. axb3 Bf5 29. Kg2 Re8 30. Nd4 Re3 31. Nxf5 gxf5 32. Rxf5 Rxg3+ 33.
Kf2 Rxh3 34. Bf3 Rh6 35. Bd5 Kg7 36. Be4 Rh2+ 37. Ke3 Rh3+ 38. Bf3 b4 39. Rg5+
Kf6 40. Rh5 Rxh5 41. Bxh5 Kg5 42. Bd1 1/2-1/2

[Event "Quebec-ch qual. 1"]
[Site "Montreal CAN"]
[Date "2007.05.06"]
[Round "4"]
[White "Lacroix, Serge"]
[Black "Girouard, Michel"]
[Result "1/2-1/2"]
[WhiteElo "1998"]
[BlackElo "1879"]
[PlyCount "50"]
[EventDate "2007.05.04"]
[EventType "swiss"]
[EventRounds "5"]
[EventCountry "CAN"]

1. e4 g6 2. d4 Bg7 3. f4 c6 4. Nc3 d5 5. e5 h5 6. Nf3 Bg4 7. Be2 e6 8. Be3 Nh6
9. Qd2 Nf5 10. Bf2 Nd7 11. Ng5 Bxe2 12. Nxe2 Bf8 13. Ng3 Nxg3 14. hxg3 c5 15.
c3 cxd4 16. Bxd4 Rg8 17. O-O-O Be7 18. Nf3 Qc7 19. Kb1 Nc5 20. Bxc5 Qxc5 21.
Qd4 Qxd4 22. cxd4 Rc8 23. Rc1 Kd7 24. Rxc8 Rxc8 25. Rc1 Rc4 1/2-1/2

[Event "Quebec-ch qual. 1"]
[Site "Montreal CAN"]
[Date "2007.05.06"]
[Round "5"]
[White "Lacroix, Serge"]
[Black "Cloutier, Mathieu"]
[Result "1-0"]
[WhiteElo "1998"]
[BlackElo "2065"]
[PlyCount "78"]
[EventDate "2007.05.04"]
[EventType "swiss"]
[EventRounds "5"]
[EventCountry "CAN"]

1. e4 c5 2. Nf3 Nc6 3. d4 cxd4 4. Nxd4 g6 5. Bc4 Bg7 6. c3 Ne5 7. Bb3 d6 8. f4
Nc6 9. Be3 Nf6 10. Nd2 O-O 11. Qe2 Bd7 12. h3 e5 13. fxe5 Nh5 14. Nxc6 Bxc6 15.
Qf3 Bxe5 16. O-O-O Ng3 17. Rhe1 Qf6 18. Bf2 Qxf3 19. gxf3 b5 20. Nf1 Nh5 21.
Ne3 Nf4 22. Nd5 Bxd5 23. Bxd5 Nxh3 24. Be3 Rac8 25. Bxa7 Nf4 26. Kb1 Nxd5 27.
Rxd5 Rc7 28. Bd4 Rb8 29. Rxe5 b4 30. Rd5 bxc3 31. b3 Rc6 32. Kc2 Ra8 33. a4 h5
34. Bf6 Re8 35. Re3 Re6 36. e5 g5 37. Bxg5 Rg6 38. exd6 Rgxd6 39. Rxd6 Rxd6 1-0

[Event "Printanier"]
[Site "Montreal CAN"]
[Date "2007.04.14"]
[Round "2"]
[White "Pregent, Daniel"]
[Black "Lacroix, Serge"]
[Result "0-1"]
[WhiteElo "1819"]
[BlackElo "1992"]
[PlyCount "64"]
[EventDate "2007.04.13"]
[EventType "swiss"]
[EventRounds "5"]
[EventCountry "CAN"]

1. d4 d5 2. c4 c6 3. Nf3 Nf6 4. e3 Bf5 5. Nbd2 e6 6. Be2 Bd6 7. b3 Nbd7 8. Bb2
O-O 9. O-O Ne4 10. a3 Ndf6 11. Ne5 Nxd2 12. Qxd2 Ne4 13. Qc1 Bxe5 14. dxe5 Nc5
15. Qc3 Qb6 16. g4 Bg6 17. f4 Be4 18. f5 Qxb3 19. f6 Qxc3 20. Bxc3 g6 21. Kf2
Rfd8 22. Rg1 Rd7 23. Rg3 Bd3 24. Bxd3 Nxd3+ 25. Ke2 dxc4 26. Rh3 Rd5 27. Rg1
Nxe5 28. Bxe5 Rxe5 29. Rgg3 Rd8 30. Rh6 c3 31. Rgh3 c2 32. Rxh7 Rxe3+ 0-1

[Event "Printanier"]
[Site "Montreal CAN"]
[Date "2007.04.14"]
[Round "3"]
[White "Lacroix, Serge"]
[Black "Masse, Hugues"]
[Result "1/2-1/2"]
[WhiteElo "1992"]
[BlackElo "2226"]
[PlyCount "42"]
[EventDate "2007.04.13"]
[EventType "swiss"]
[EventRounds "5"]
[EventCountry "CAN"]

1. d4 Nf6 2. c4 g6 3. Nc3 d5 4. cxd5 Nxd5 5. e4 Nxc3 6. bxc3 Bg7 7. Bc4 c5 8.
Ne2 Nc6 9. Be3 O-O 10. O-O Qc7 11. Rc1 Rd8 12. f3 a6 13. Qd2 b5 14. Bd5 e6 15.
Bxc6 Qxc6 16. Bh6 Bb7 17. Bxg7 Kxg7 18. Rfd1 Rac8 19. Qg5 cxd4 20. cxd4 Qd7 21.
h4 f6 1/2-1/2

[Event "Printanier"]
[Site "Montreal CAN"]
[Date "2007.04.15"]
[Round "4"]
[White "Houska, Jiri"]
[Black "Lacroix, Serge"]
[Result "1-0"]
[WhiteElo "2085"]
[BlackElo "1992"]
[PlyCount "129"]
[EventDate "2007.04.13"]
[EventType "swiss"]
[EventRounds "5"]
[EventCountry "CAN"]

1. e4 c5 2. Nf3 d6 3. d4 cxd4 4. Nxd4 Nf6 5. Nc3 Nc6 6. Bc4 g6 7. Nxc6 bxc6 8.
e5 d5 9. exf6 dxc4 10. Qxd8+ Kxd8 11. Bg5 h6 12. O-O-O+ Ke8 13. fxe7 Bxe7 14.
Bxe7 Kxe7 15. Rd4 Be6 16. Rhd1 Rad8 17. Rxd8 Rxd8 18. Rxd8 Kxd8 19. Kd2 Ke7 20.
f3 Kd6 21. Ne4+ Kd5 22. Ke3 f5 23. Nc3+ Ke5 24. f4+ Kd6 25. Kd4 c5+ 26. Ke3 Bf7
27. Kd2 Be6 28. g3 Bf7 29. Ke3 Be8 30. Ne2 Ba4 31. c3 Bc2 32. Ng1 Be4 33. g4
Bb1 34. g5 hxg5 35. fxg5 Bxa2 36. Nf3 Ke6 37. Kf4 Kf7 38. Ne5+ Kg7 39. Nd7 Kf7
40. Ke5 f4 41. Kxf4 Ke6 42. Nxc5+ Kd5 43. Ne4 Kc6 44. Ke5 Bb1 45. h4 Kd7 46.
Kd5 Bd3 47. Nd2 Kc7 48. Nxc4 Kb7 49. Ne5 Bc2 50. Ke6 Kb6 51. Kf6 Kb5 52. Nxg6
Bd1 53. Nf4 Ka4 54. g6 Bc2 55. h5 Kb3 56. h6 Kxb2 57. h7 a5 58. h8=Q a4 59. Nd5
a3 60. Qb8+ Bb3 61. Qh2+ Kc1 62. Nb4 Kb1 63. g7 a2 64. g8=Q Bxg8 65. Qb2+ 1-0

[Event "Printanier"]
[Site "Montreal CAN"]
[Date "2007.04.15"]
[Round "5"]
[White "Lacroix, Serge"]
[Black "Girouard, Michel"]
[Result "1-0"]
[WhiteElo "1992"]
[BlackElo "1896"]
[PlyCount "71"]
[EventDate "2007.04.13"]
[EventType "swiss"]
[EventRounds "5"]
[EventCountry "CAN"]

1. d4 g6 2. e4 Bg7 3. Nf3 c6 4. Nc3 d5 5. h3 Nh6 6. Be2 O-O 7. Bg5 f6 8. Bf4
dxe4 9. Nxe4 Qa5+ 10. Bd2 Qc7 11. c3 Nf7 12. Qb3 Kh8 13. O-O Nd7 14. Rfe1 e5
15. Bc4 Nd6 16. Nxd6 Qxd6 17. Rad1 b5 18. Bf1 Qc7 19. g3 Nb6 20. Bg2 Bd7 21.
dxe5 fxe5 22. Ng5 Nc4 23. Bc1 Rae8 24. Ne4 Be6 25. Qc2 Bd5 26. b3 Bxe4 27. Qxe4
Qb6 28. bxc4 Qxf2+ 29. Kh2 Qxa2 30. Be3 bxc4 31. Qxc6 e4 32. Bd4 Bxd4 33. Rxd4
Rc8 34. Qe6 Rce8 35. Qxc4 Qc2 36. Re2 1-0

[Event "Mercredi 2007.04.04"]
[Site "Montreal CAN"]
[Date "2007.04.04"]
[Round "1"]
[White "Lalonde, Paul"]
[Black "Lacroix, Serge"]
[Result "0-1"]
[WhiteElo "1814"]
[BlackElo "1992"]
[PlyCount "56"]
[EventDate "2007.04.04"]
[EventType "swiss"]
[EventRounds "5"]
[EventCountry "CAN"]

1. e4 c5 2. Nf3 d6 3. d4 cxd4 4. Nxd4 Nf6 5. Nc3 Nc6 6. Be3 g6 7. f3 Bg7 8. Bc4
O-O 9. Qd2 Bd7 10. O-O-O Qa5 11. h4 Rac8 12. Bb3 Ne5 13. h5 Nc4 14. Bxc4 Rxc4
15. hxg6 fxg6 16. Nb3 Qc7 17. Bh6 Bxh6 18. Rxh6 Rc8 19. Rdh1 Rxc3 20. Qxc3 Qxc3
21. bxc3 Rxc3 22. Kd2 Rc4 23. g4 Kg7 24. R6h2 h5 25. gxh5 Nxh5 26. Ke3 Rc3+ 27.
Kd4 Rxf3 28. c4 e5+ 0-1

[Event "Mercredi 2007.04.04"]
[Site "Montreal CAN"]
[Date "2007.04.11"]
[Round "2"]
[White "Katch, Gary"]
[Black "Lacroix, Serge"]
[Result "0-1"]
[WhiteElo "1741"]
[BlackElo "1992"]
[PlyCount "42"]
[EventDate "2007.04.04"]
[EventType "swiss"]
[EventRounds "5"]
[EventCountry "CAN"]

1. e4 c5 2. d4 cxd4 3. c3 dxc3 4. Nxc3 Nc6 5. Nf3 d6 6. Bc4 e6 7. O-O Nf6 8.
Qe2 a6 9. a3 Be7 10. Rd1 Qc7 11. Bg5 Ne5 12. Ba2 Bd7 13. Rac1 Nxf3+ 14. Qxf3
Bc6 15. Qe2 O-O 16. Bxf6 Bxf6 17. Nd5 exd5 18. exd5 Bb5 19. Qxb5 Qxc1 20. Qd3
Rac8 21. Bb1 Qh6 0-1

[Event "Mercredi 2007.04.04"]
[Site "Montreal CAN"]
[Date "2007.04.18"]
[Round "3"]
[White "Lacroix, Serge"]
[Black "Blanchet, Robert"]
[Result "0-1"]
[WhiteElo "1992"]
[BlackElo "1701"]
[PlyCount "160"]
[EventDate "2007.04.04"]
[EventType "swiss"]
[EventRounds "5"]
[EventCountry "CAN"]

1. e4 c5 2. Nf3 d6 3. d4 cxd4 4. Nxd4 Nf6 5. Nc3 a6 6. Bg5 e6 7. f4 Be7 8. Qf3
Qc7 9. O-O-O Nc6 10. g4 Bd7 11. Kb1 Rc8 12. h4 Nxd4 13. Rxd4 b5 14. Bxf6 Bxf6
15. Rd2 Bxc3 16. Qxc3 Qxc3 17. bxc3 Ke7 18. Rh3 Rc5 19. Rhd3 Rc6 20. Kb2 Rhc8
21. Bg2 R8c7 22. g5 Rb6 23. a3 a5 24. h5 b4 25. axb4 axb4 26. cxb4 Rxb4+ 27.
Rb3 Rbc4 28. Rbd3 Ba4 29. c3 Rb7+ 30. Ka2 Bc6 31. Rb2 Rxb2+ 32. Kxb2 Bxe4 33.
Bxe4 Rxe4 34. Rf3 d5 35. Kc2 Re2+ 36. Kd3 Rh2 37. g6 Rxh5 38. gxf7 g6 39. c4
dxc4+ 40. Kxc4 Kxf7 41. Kd4 Kf6 42. Ke4 Ra5 43. Rb3 h5 44. Rb8 Ra4+ 45. Kf3 Ra7
46. Rf8+ Rf7 47. Rb8 Kg7 48. Re8 g5 49. Ra8 Rxf4+ 50. Kg3 Rf6 51. Re8 Kg6 52.
Ra8 h4+ 53. Kg4 Rf4+ 54. Kh3 Rf3+ 55. Kg2 Rg3+ 56. Kh2 Kh5 57. Ra4 Rd3 58. Ra5
h3 59. Ra8 Rf3 60. Ra5 Kh4 61. Ra8 Rf2+ 62. Kg1 Rd2 63. Ra4+ g4 64. Rb4 h2+ 65.
Kh1 Rd1+ 66. Kxh2 Rd2+ 67. Kg1 Kh3 68. Rb8 Rd1+ 69. Kf2 g3+ 70. Kf3 Rf1+ 71.
Ke2 Rf4 72. Rh8+ Kg2 73. Re8 Rf2+ 74. Ke1 Kg1 75. Rxe6 Rh2 76. Rg6 g2 77. Ke2
Kh1 78. Kf3 g1=Q 79. Rg3 Rf2+ 80. Ke3 Qxg3+ 0-1

[Event "Mercredi 2007.04.04"]
[Site "Montreal CAN"]
[Date "2007.04.25"]
[Round "4"]
[White "Poschmann, Jeremie"]
[Black "Lacroix, Serge"]
[Result "0-1"]
[WhiteElo "1841"]
[BlackElo "2010"]
[PlyCount "34"]
[EventDate "2007.04.04"]
[EventType "swiss"]
[EventRounds "5"]
[EventCountry "CAN"]

1. d4 d5 2. c4 c6 3. g3 Nf6 4. Bg2 Bf5 5. cxd5 cxd5 6. Nf3 e6 7. Qb3 Qb6 8. Nc3
Nc6 9. O-O Be7 10. Bf4 O-O 11. Qxb6 axb6 12. e3 Rfe8 13. a3 h6 14. Nb5 Bd3 15.
Nd6 Bxd6 16. Bxd6 Bxf1 17. Bxf1 Ne4 0-1

[Event "Mercredi 2007.04.04"]
[Site "Montreal CAN"]
[Date "2007.05.02"]
[Round "5"]
[White "Lacroix, Serge"]
[Black "Pregent, Daniel"]
[Result "1/2-1/2"]
[WhiteElo "1992"]
[BlackElo "1819"]
[PlyCount "93"]
[EventDate "2007.04.04"]
[EventType "swiss"]
[EventRounds "5"]
[EventCountry "CAN"]

1. d4 Nf6 2. c4 e6 3. Nc3 Bb4 4. e3 c5 5. Nge2 cxd4 6. exd4 O-O 7. a3 Be7 8.
Nf4 d5 9. Be3 a6 10. Qf3 dxc4 11. Bxc4 Qc7 12. Be2 Bd7 13. O-O Nc6 14. Rfd1
Rac8 15. Rac1 Rfd8 16. Ne4 Qa5 17. Nc3 Bd6 18. h3 Ne7 19. Nh5 Nxh5 20. Qxh5
Qxh5 21. Bxh5 Bc6 22. Bg5 f6 23. Be3 g6 24. Be2 Kf7 25. g4 Nd5 26. Nxd5 Bxd5
27. f4 Bc7 28. Kf2 Bb6 29. Rc3 Rxc3 30. bxc3 Rc8 31. Rb1 Ba5 32. c4 Be4 33. Rb3
Rc7 34. Bf3 Bxf3 35. Kxf3 Rxc4 36. Rxb7+ Rc7 37. Rb8 f5 38. g5 Ke7 39. Ra8 Rc6
40. Rh8 Rc3 41. Rxh7+ Kd6 42. Ra7 Rxa3 43. Rxa6+ Kd5 44. h4 Bb4 45. Rxa3 Bxa3
46. Bf2 Bf8 47. Ke3 1/2-1/2

[Event "Mercredi 2007.02.21"]
[Site "Montreal CAN"]
[Date "2007.02.21"]
[Round "1"]
[White "Lacroix, Serge"]
[Black "Gilman, Arkadiy"]
[Result "1/2-1/2"]
[WhiteElo "1942"]
[BlackElo "2104"]
[PlyCount "53"]
[EventDate "2007.02.21"]
[EventType "tourn"]
[EventRounds "5"]
[EventCountry "CAN"]

1. d4 d5 2. c4 c6 3. e3 Nf6 4. Nc3 e6 5. Nf3 Nbd7 6. Bd3 dxc4 7. Bxc4 b5 8. Bd3
Bb7 9. O-O a6 10. a4 b4 11. Ne4 c5 12. Nxc5 Nxc5 13. dxc5 Bxc5 14. Be2 O-O 15.
Bd2 a5 16. Nd4 Ne4 17. Be1 Qg5 18. Bf3 Rfd8 19. Qe2 Rd7 20. Rc1 Rad8 21. Bxe4
Bxe4 22. f3 Rxd4 23. Rxc5 Qxc5 24. exd4 Qxd4+ 25. Bf2 Bd3 26. Bxd4 Bxe2 27. Rc1
1/2-1/2

[Event "Mercredi 2007.02.21"]
[Site "Montreal CAN"]
[Date "2007.02.28"]
[Round "2"]
[White "Ayotte, Jocelyn"]
[Black "Lacroix, Serge"]
[Result "0-1"]
[WhiteElo "2063"]
[BlackElo "1942"]
[PlyCount "154"]
[EventDate "2007.02.21"]
[EventType "tourn"]
[EventRounds "5"]
[EventCountry "CAN"]

1. d4 d5 2. Nf3 Nf6 3. c4 c6 4. Nc3 e6 5. Bg5 Be7 6. e3 O-O 7. Bd3 dxc4 8. Bxc4
Nbd7 9. O-O b5 10. Bd3 Bb7 11. e4 h6 12. Bf4 b4 13. Ne2 c5 14. d5 exd5 15. exd5
Nxd5 16. Rc1 Nxf4 17. Nxf4 Qc7 18. Bc4 Qxf4 19. Qxd7 Bxf3 20. gxf3 Bd6 21. Qh3
Rfe8 22. Kh1 Re5 23. Rg1 Rf5 24. Bb3 Re8 25. Rc4 Qxf3+ 26. Qxf3 Rxf3 27. Kg2
Rf6 28. Rc2 Re5 29. Rd1 Rg5+ 30. Kh1 Rh5 31. f3 g6 32. Rd3 Kg7 33. Rcd2 Be5 34.
Bd5 Bd4 35. Be4 Rg5 36. Rg2 Rxg2 37. Kxg2 Ra6 38. Bd5 Bxb2 39. Re3 Kf6 40. Re8
Rd6 41. Bb3 Rc6 42. Bc4 Rc7 43. Kf2 h5 44. Ke3 Be5 45. h3 Bd4+ 46. Kd3 Kg5 47.
Re4 Rd7 48. Kc2 f5 49. h4+ Kf6 50. Re6+ Kg7 51. Bb5 Rc7 52. Kd3 Bf6 53. Be8 Re7
54. Rxe7+ Bxe7 55. Kc4 Bxh4 56. Kxc5 a5 57. Kd4 Kf6 58. Ke3 Be1 59. f4 h4 60.
Kf3 h3 61. Ke2 h2 62. Bc6 Bc3 63. Kf2 Bd4+ 64. Kg3 Bg1 65. Kh4 Ke6 66. Kh3 Kf6
67. Kh4 Be3 68. Kg3 Ke7 69. Kxh2 Bxf4+ 70. Kg2 Kd6 71. Ba4 g5 72. Kf3 Ke5 73.
Bc2 g4+ 74. Kf2 Bd2 75. Kg3 Be1+ 76. Kg2 f4 77. Bd1 f3+ 0-1

[Event "Mercredi 2007.02.21"]
[Site "Montreal CAN"]
[Date "2007.03.07"]
[Round "3"]
[White "Lacroix, Serge"]
[Black "Menard, Dominic"]
[Result "1/2-1/2"]
[WhiteElo "1942"]
[BlackElo "2039"]
[PlyCount "98"]
[EventDate "2007.02.21"]
[EventType "tourn"]
[EventRounds "5"]
[EventCountry "CAN"]

1. d4 d5 2. c4 dxc4 3. Nc3 a6 4. a4 Nc6 5. e3 e5 6. Bxc4 exd4 7. exd4 Qxd4 8.
Qe2+ Qe5 9. Bf4 Qxe2+ 10. Ngxe2 Nb4 11. O-O-O Bc5 12. Nd4 Ne7 13. Rhe1 O-O 14.
Bxc7 Bg4 15. f3 Rac8 16. Bg3 Bh5 17. Nb3 Nf5 18. Nxc5 Rxc5 19. Bb3 Nxg3 20.
hxg3 Bg6 21. Re3 b5 22. axb5 axb5 23. Rd7 Nd3+ 24. Kd2 Nxb2 25. Ree7 Nc4+ 26.
Bxc4 Rxc4 27. Nxb5 Rc2+ 28. Ke3 Rxg2 29. g4 h5 30. Kf4 h4 31. Re1 h3 32. Nc3 h2
33. Rh1 Rc8 34. Ne4 Bxe4 35. Kxe4 Rcc2 36. Rdd1 Kh7 37. Rd5 g6 38. Rdd1 Kh6 39.
Kf4 Rc4+ 40. Ke5 Kg5 41. Rdf1 Kh4 42. Kf6 Kg3 43. Kxf7 Rf4+ 44. Kxg6 Rxf3 45.
Rxf3+ Kxf3 46. g5 Kg4 47. Kh6 Kf5 48. Rf1+ Ke6 49. Rh1 Kf7 1/2-1/2

[Event "Mercredi 2007.02.21"]
[Site "Montreal CAN"]
[Date "2007.03.14"]
[Round "4"]
[White "Lacroix, Serge"]
[Black "Tremblay, Alain"]
[Result "1/2-1/2"]
[WhiteElo "1942"]
[BlackElo "2051"]
[PlyCount "86"]
[EventDate "2007.02.21"]
[EventType "tourn"]
[EventRounds "5"]
[EventCountry "CAN"]

1. d4 Nf6 2. c4 d6 3. Nc3 Nbd7 4. e4 e5 5. Nf3 g6 6. dxe5 dxe5 7. Bg5 Bg7 8.
Be2 h6 9. Bh4 O-O 10. O-O c6 11. Qc2 g5 12. Bg3 Nh5 13. Bxe5 Bxe5 14. Nxe5 Nxe5
15. Bxh5 Nxc4 16. b3 Ne5 17. Be2 Qf6 18. Rad1 Be6 19. Rd2 Ng6 20. Na4 Rad8 21.
Rfd1 Nf4 22. Nc5 Bc8 23. Bf1 b6 24. Nd7 Bxd7 25. Rxd7 Rxd7 26. Rxd7 a5 27. Qd2
Qe5 28. Qd5 Qe6 29. Qxe6 Nxe6 30. Bc4 Nc5 31. Rd6 Nxe4 32. Rxc6 Rd8 33. g3 Rd6
34. Rxd6 Nxd6 35. Bd3 Kg7 36. f4 Kf6 37. Kf2 Ke6 38. Kf3 Kd5 39. fxg5 hxg5 40.
h4 gxh4 41. gxh4 Ke5 42. Kg4 f5+ 43. Kg5 f4 1/2-1/2

[Event "Mercredi 2007.02.21"]
[Site "Montreal CAN"]
[Date "2007.03.21"]
[Round "5"]
[White "Forget, Luc"]
[Black "Lacroix, Serge"]
[Result "1/2-1/2"]
[WhiteElo "1958"]
[BlackElo "1942"]
[PlyCount "164"]
[EventDate "2007.02.21"]
[EventType "tourn"]
[EventRounds "5"]
[EventCountry "CAN"]

1. d4 d5 2. c4 c6 3. Nf3 Nf6 4. g3 Bf5 5. Nc3 e6 6. Bg2 Nbd7 7. cxd5 cxd5 8.
O-O Bd6 9. h3 O-O 10. Bg5 Qb6 11. Qb3 Ne4 12. Qxb6 Nxb6 13. Nb5 Nxg5 14. Nxd6
Nxf3+ 15. Bxf3 Bxh3 16. Rfc1 Rfd8 17. Nxb7 Rd7 18. Nc5 Rc7 19. g4 h5 20. gxh5
Rac8 21. Rc3 Bf5 22. e4 dxe4 23. Bxe4 Bxe4 24. Nxe4 Nd5 25. Rxc7 Rxc7 26. Rd1
Nf4 27. Nc3 Nxh5 28. d5 exd5 29. Nxd5 Rc2 30. b4 Rxa2 31. Ne7+ Kh7 32. Rd5 g6
33. Ra5 Rb2 34. Nc6 Rb1+ 35. Kh2 Rb2 36. Kg1 Rb1+ 37. Kg2 Nf4+ 38. Kf3 Nd3 39.
Rxa7 Kg7 40. Rb7 Rb2 41. Ke3 Nxf2 42. b5 Ng4+ 43. Kd3 Kf6 44. Kc3 Rb1 45. Kc2
Rf1 46. b6 Ne3+ 47. Kd3 Nd5 48. Kc4 Ke6 49. Nd8+ Kd6 50. Rxf7 Nxb6+ 51. Kd4
Rd1+ 52. Ke4 Nd5 53. Rg7 Nf6+ 54. Kf3 Rg1 55. Kf2 Rg4 56. Nf7+ Ke6 57. Nh6 Rg5
58. Ra7 Ng4+ 59. Nxg4 Rxg4 60. Ra5 Kf6 61. Kf3 Rb4 62. Rc5 g5 63. Ra5 Kg6 64.
Ra3 Kh5 65. Kg3 Re4 66. Rb3 Kg6 67. Rb6+ Kf5 68. Rb5+ Re5 69. Rb3 Re1 70. Kg2
g4 71. Ra3 Kf4 72. Ra4+ Re4 73. Rxe4+ Kxe4 74. Kg3 Kf5 75. Kg2 Kf4 76. Kf2 g3+
77. Kg2 Kg4 78. Kg1 Kf4 79. Kg2 Kg4 80. Kg1 Kf3 81. Kf1 g2+ 82. Kg1 Kg3 1/2-1/2

[Event "Hiver"]
[Site "Montreal CAN"]
[Date "2007.01.19"]
[Round "2"]
[White "Papineau (Montreal), Daniel"]
[Black "Lacroix, Serge"]
[Result "1/2-1/2"]
[WhiteElo "2009"]
[BlackElo "2011"]
[PlyCount "117"]
[EventDate "2007.01.19"]
[EventType "swiss"]
[EventRounds "5"]
[EventCountry "CAN"]

1. d4 Nf6 2. c4 g6 3. Nc3 d5 4. Nf3 Bg7 5. Bg5 Ne4 6. Bh4 Nxc3 7. bxc3 c5 8. e3
cxd4 9. cxd4 Qa5+ 10. Qd2 Qxd2+ 11. Kxd2 dxc4 12. Bxc4 Nc6 13. Rab1 O-O 14. Bd5
Re8 15. Rhc1 Nd8 16. Rc7 e6 17. Be4 f5 18. Bd3 a6 19. Bxd8 Rxd8 20. Rb6 h6 21.
Bc4 Re8 22. Rxc8 Raxc8 23. Bxe6+ Rxe6 24. Rxe6 Kf7 25. Rb6 Rc7 26. Ne1 Bf6 27.
Nd3 Bd8 28. Ne5+ Kg7 29. Rxg6+ Kh7 30. Rd6 Rc8 31. Rd7+ Kg8 32. Rxb7 Ba5+ 33.
Kd1 Rc3 34. Ra7 Ra3 35. Rxa6 Rxa2 36. Rxh6 Rxf2 37. g3 Ra2 38. Nc4 Bb4 39. Rh5
Kg7 40. Ne5 Bd2 41. Nc4 Bb4 42. d5 Kg6 43. Rh8 Kg7 44. Rb8 Bc3 45. d6 Rxh2 46.
d7 Bf6 47. d8=Q Bxd8 48. Rxd8 Rg2 49. Nd6 Kg6 50. Rf8 Kg7 51. Rxf5 Rxg3 52. Ke2
Rh3 53. e4 Kg6 54. e5 Ra3 55. Rf6+ Kg7 56. Rf7+ Kg6 57. e6 Ra5 58. e7 Re5+ 59.
Kf3 1/2-1/2

[Event "Hiver"]
[Site "Montreal CAN"]
[Date "2007.01.20"]
[Round "3"]
[White "Lacroix, Serge"]
[Black "Chase, Oliver"]
[Result "1-0"]
[WhiteElo "2011"]
[BlackElo "1811"]
[PlyCount "71"]
[EventDate "2007.01.19"]
[EventType "swiss"]
[EventRounds "5"]
[EventCountry "CAN"]

1. e4 c5 2. Nf3 d6 3. d4 cxd4 4. Nxd4 Nf6 5. Nc3 g6 6. Bc4 Bg7 7. Be3 a6 8. Bb3
Nc6 9. f3 Bd7 10. Qd2 O-O 11. O-O-O Rc8 12. g4 h5 13. g5 Ne8 14. Kb1 b5 15. Nd5
e6 16. Nxc6 Bxc6 17. Nf4 Qe7 18. h4 Be5 19. Ne2 Nc7 20. Bf4 Bxf4 21. Nxf4 Rfd8
22. Qe3 Kf8 23. Qc3 e5 24. Nxg6+ fxg6 25. Qxc6 a5 26. a4 Qd7 27. axb5 Qxc6 28.
bxc6 Na6 29. f4 Ke7 30. fxe5 dxe5 31. Rxd8 Rxd8 32. c3 Rc8 33. Bd5 Nb8 34. Rf1
Nxc6 35. Rf6 Kd7 36. Be6+ 1-0